Code-barres par pays (Préfixes GS1 - Aléatoire 25 pays) - Statistiques

Statistiques générales
  • Ce quiz a été pris 2 fois
  • Le résultat moyen est 18 sur 25
Statistiques - réponses
Hint Réponse % Correct
613 Algérie
100%
778-779 Argentine
100%
930-939 Australie
100%
894 Bangladesh
100%
387 Bosnie-Herzégovine
100%
789-790 Brésil
100%
623(non utilisé depuis mai 2021) Bruneï
100%
780 Chili
100%
680-681,690-699 Chine
100%
867 Corée du Nord
100%
850 Cuba
100%
570-579 Danemark/Îles Féroé/Groenland
100%
001-019,030-039, 060-099, 100-139 États-Unis
100%
300-379 France/Monaco
100%
486 Géorgie
100%
520-521 Grèce
100%
599 Hongrie
100%
626 Iran
100%
625 Jordanie
100%
487 Kazakhstan
100%
477 Lituanie
100%
531 Macédoine du Nord
100%
750 Mexique
100%
700-709 Norvège
100%
745 Panama
100%
590 Pologne
100%
460-469(ex-URSS) Russie
100%
632 Rwanda
100%
859(ancienne Tchécoslovaquie) Tchéquie
100%
619 Tunisie
100%
482 Ukraine
100%
470 Kirghizistan
50%
743 Nicaragua
50%
383 Slovénie
50%
471 Taïwan
50%
600-601 Afrique du Sud
0%
530 Albanie
0%
400-440(440 = ancienne RDA) Allemagne
0%
606 Angola
0%
628 Arabie Saoudite
0%
485 Arménie
0%
900-919 Autriche
0%
476 Azerbaïdjan
0%
608 Bahreïn
0%
540-549 Belgique/Luxembourg
0%
481 Biélorussie
0%
883 Birmanie
0%
777 Bolivie
0%
380 Bulgarie
0%
884 Cambodge
0%
617 Cameroun
0%
754-755 Canada
0%
529 Chypre
0%
770-771 Colombie
0%
880-881 Corée du Sud
0%
744 Costa Rica
0%
618 Côte d'Ivoire
0%
385 Croatie
0%
622 Égypte
0%
629 Émirats Arabes Unis
0%
786 Équateur
0%
840-849 Espagne/Andorre
0%
474 Estonie
0%
640-649 Finlande
0%
603 Ghana
0%
740 Guatemala
0%
742 Honduras
0%
489 Hong Kong
0%
890 Inde
0%
899 Indonésie
0%
539 Irlande
0%
569 Islande
0%
729 Israël
0%
800-839 Italie/Saint-Marin/Vatican
0%
450-459,490-499 Japon
0%
616 Kenya
0%
390 Kosovo
0%
627 Koweït
0%
475 Lettonie
0%
528 Liban
0%
624 Libye
0%
958 Macao
0%
955 Malaisie
0%
535 Malte
0%
611 Maroc
0%
609 Maurice
0%
484 Moldavie
0%
865 Mongolie
0%
389 Monténégro
0%
631 Namibie
0%
615 Nigéria
0%
940-949 Nouvelle-Zélande
0%
607 Oman
0%
605 Ouganda
0%
478 Ouzbékistan
0%
896 Pakistan
0%
784 Paraguay
0%
870-879 Pays-Bas
0%
775 Pérou
0%
480 Philippines
0%
560 Portugal
0%
630 Qatar
0%
746 République Dominicaine
0%
594 Roumanie
0%
500-509 Royaume-Uni
0%
741 Salvador
0%
604 Sénégal
0%
860(ancienne Yougoslavie) Serbie
0%
888 Singapour
0%
858 Slovaquie
0%
612 Somalie
0%
479 Sri Lanka
0%
730-739 Suède
0%
760-769 Suisse/Liechtenstein
0%
621 Syrie
0%
488 Tadjikistan
0%
620 Tanzanie
0%
885 Thaïlande
0%
483 Turkménistan
0%
868-869 Turquie
0%
773 Uruguay
0%
759 Vénézuéla
0%
893 Vietnam
0%
Aucun quiz correspondant
Distribution des résultats
% des personnes avec chaque résultat
Percentile par nombre de réponses
Votre historique - résultats
Vous n’avez pas pris ce quiz